<?xml version="1.0" encoding="UTF-8"?><?xml-stylesheet type="text/xsl" href="static/style.xsl"?><OAI-PMH xmlns="http://www.openarchives.org/OAI/2.0/" xmlns:xsi="http://www.w3.org/2001/XMLSchema-instance" xsi:schemaLocation="http://www.openarchives.org/OAI/2.0/ http://www.openarchives.org/OAI/2.0/OAI-PMH.xsd"><responseDate>2026-04-17T21:39:01Z</responseDate><request verb="GetRecord" identifier="oai:www.recercat.cat:2072/436571" metadataPrefix="marc">https://recercat.cat/oai/request</request><GetRecord><record><header><identifier>oai:recercat.cat:2072/436571</identifier><datestamp>2024-10-31T03:13:33Z</datestamp><setSpec>com_2072_98</setSpec><setSpec>col_2072_378192</setSpec></header><metadata><record xmlns="http://www.loc.gov/MARC21/slim" xmlns:dcterms="http://purl.org/dc/terms/" xmlns:xsi="http://www.w3.org/2001/XMLSchema-instance" xmlns:doc="http://www.lyncode.com/xoai" xsi:schemaLocation="http://www.loc.gov/MARC21/slim http://www.loc.gov/standards/marcxml/schema/MARC21slim.xsd">
   <leader>00925njm 22002777a 4500</leader>
   <datafield ind2=" " ind1=" " tag="042">
      <subfield code="a">dc</subfield>
   </datafield>
   <datafield ind2=" " ind1=" " tag="720">
      <subfield code="a">Campra, Rosalba</subfield>
      <subfield code="e">author</subfield>
   </datafield>
   <datafield ind2=" " ind1=" " tag="260">
      <subfield code="c">2019</subfield>
   </datafield>
   <datafield ind2=" " ind1=" " tag="520">
      <subfield code="a">El texto es un testimonio del itinerario de la autora a partir de su descubrimiento en la infancia de los mitos clásicos, que coincide con el descubrimiento de los distintos niveles de la lengua, y prosigue con el acercamiento al mundo mítico prehispánico. La realidad de los mitos y su persistencia en busca de nuevas voces se vuelve la materia de la propia escritura ficcional y de exploraciones en el campo de la imagen, experiencia aquí ilustrada a través de sus microrrelatos (tomados por lo general de R. Campra, Mínima Mitológica) y poemas (R. Campra, Moradas de los Mayores).</subfield>
   </datafield>
   <datafield ind2=" " ind1=" " tag="520">
      <subfield code="a">This text bears witness to the author's personal itinerary which started with her childhood discovery of classical myths, simultaneous to the revelation of a language's different levels, and then continued with the discovery of the prehispanic mythical world. The reality of myths and their persistence in searching new voices becomes the matter of her own fictional writing along with the explorations in the domain of images. This experience is illustrated here through her flash-fiction (taken mainly from R. Campra, Mínima Mitológica, 2011) and poems (R. Campra, Moradas de los Mayores,2012).</subfield>
   </datafield>
   <datafield ind2=" " ind1=" " tag="520">
      <subfield code="a">El text és un testimoni de l'itinerari de l'autora a partir del seu descobriment en la infància dels mites clàssics, que coincideix amb el descobriment dels diferents nivells de la llengua, i procedeix amb l'apropament a món mític prehispànic. La realitat dels mites i la seva persistència en busca de noves veus es torna la matèria de la pròpia escriptura ficcional i d'exploracions en el camp de la imatge, experiència aquí il·lustrada a través dels seus microrelats (presos generalment de R. Campra, Mínima Mitológica) i poemes (R. Campra, Moradas de los Mayores).</subfield>
   </datafield>
   <datafield tag="653" ind2=" " ind1=" ">
      <subfield code="a">Mito clásico</subfield>
   </datafield>
   <datafield tag="653" ind2=" " ind1=" ">
      <subfield code="a">Mito prehispánico</subfield>
   </datafield>
   <datafield tag="653" ind2=" " ind1=" ">
      <subfield code="a">Microrrelato</subfield>
   </datafield>
   <datafield tag="653" ind2=" " ind1=" ">
      <subfield code="a">Poesía</subfield>
   </datafield>
   <datafield tag="653" ind2=" " ind1=" ">
      <subfield code="a">Classical myth</subfield>
   </datafield>
   <datafield tag="653" ind2=" " ind1=" ">
      <subfield code="a">Precolumbian myth</subfield>
   </datafield>
   <datafield tag="653" ind2=" " ind1=" ">
      <subfield code="a">Flash-fiction</subfield>
   </datafield>
   <datafield tag="653" ind2=" " ind1=" ">
      <subfield code="a">Poetry</subfield>
   </datafield>
   <datafield tag="653" ind2=" " ind1=" ">
      <subfield code="a">Mite clàssic</subfield>
   </datafield>
   <datafield tag="653" ind2=" " ind1=" ">
      <subfield code="a">Mite prehispànic</subfield>
   </datafield>
   <datafield tag="653" ind2=" " ind1=" ">
      <subfield code="a">Microrelat</subfield>
   </datafield>
   <datafield tag="653" ind2=" " ind1=" ">
      <subfield code="a">Poesia</subfield>
   </datafield>
   <datafield ind2="0" ind1="0" tag="245">
      <subfield code="a">Fabulaciones : la astucia de los mitos</subfield>
   </datafield>
</record></metadata></record></GetRecord></OAI-PMH>